| 000 | 00661nam a2200205Ia 4500 | ||
|---|---|---|---|
| 999 |
_c47231 _d47231 |
||
| 001 | 14091 | ||
| 003 | GE_BSU | ||
| 005 | 20241106155255.0 | ||
| 008 | 181216s2014||||ge |||||||||||||| ||geo|| | ||
| 020 | _a9789941071904 | ||
| 040 | _cGE_BSU | ||
| 041 | _ageo | ||
| 080 | _a821.353.1-31 ც-51 | ||
| 100 |
_aცეცხლაძე, შოთა _91699 |
||
| 245 |
_aბედისწერა : _b[ნოველები] / _cშოთა ცეცხლაძე. |
||
| 264 |
_aბათუმი : _bშპს "თეგა", _c2014. |
||
| 300 |
_a309 გვ. : _bილ. ; _c21 სმ. |
||
| 653 | _aბედისწერა | ||
| 942 |
_cBK _2udc |
||